Tilastot visalle Postinumeroalueet: Tampere

Klikkaa tästä pelataksesi tätä visaa!

Yleistilastot

  • Tätä visaa on pelattu 41 kertaa
  • Keskiarvotulos 18 / 36

Vastaustilastot

% Oikein
33720Tampere – Hervanta, Rusko
94%
33230Tampere – Amuri, Särkänniemi, Pyynikinrinne, Pyynikki
89%
33580Tampere – Atala, Linnainmaa
83%
33540Tampere – Kaleva, Liisankallio, Kalevanrinne
83%
33500Tampere – Petsamo, Tammela
78%
33340Tampere – Ikuri, Haukiluoma, Lamminpää
67%
33100Tampere – keskusta
67%
33530Tampere – Kissanmaa, Uusikylä, Hakametsä
67%
33800Tampere – Nekala, Vihioja, Jokipohja
67%
33310Tampere – Tesomajärvi, Ristimäki, Tohloppi
67%
33250Tampere – Ala-Pispala, Ylä-Pispala
61%
33400Tampere – Lielahti, Ryydynpohja, Lintulampi
61%
33680Tampere – Aitolahti
56%
33900Tampere – Härmälä, Rantaperkiö
56%
34240Kämmenniemi
50%
33560Tampere – Janka, Irjala, Pappila, Takahuhti, Pohtola
50%
33710Tampere – Kaukajärvi
50%
33410Tampere – Lentävänniemi
50%
33270Tampere – Epilä, Kaarila, Hyhky
44%
33520Tampere – Kauppi
44%
33820Tampere – Koivistonkylä, Hallila
44%
33840Tampere – Lakalaiva, Peltolammi
44%
33700Tampere – Messukylä
44%
33850Tampere – Multisilta
44%
33330Tampere – Kalkku, Myllypuro
39%
33300Tampere – Rahola
39%
33870Tampere – Vuores
39%
33180Tampere – Lappi
33%
34260Terälahti
33%
33200Tampere – Kaakinmaa, Nalkala
28%
33240Tampere – Tahmela
28%
33730Tampere – Vehmainen
28%
33420Tampere – Lamminpää, Epilänharju
22%
33610Tampere – Olkahinen, Tasanne
22%
33210Tampere – Tammerkoski, Finlayson
22%
34270Velaatta
11%

Tulosjakauma

Persentiili vastausten määrän mukaan

Jokaisen tuloksen saaneiden osuus

Tuloshistoriasi

Et ole pelannut tätä visaa